000
00298nam a22001337a 4500
020
_a
81-304-0149-5
082
_a
823
_b
DUA/B
100
_a
DUA, SHYAM
245
_a
BEST OF INSPIRING TALES
260
_a
UP
_b
TINY TOT PUBLICATIONS
300
_a
144
650
_a
ENGLISH SHORT STORY
_z
UP
942
_c
BK
999
_c
3055
_d
3055